00345nam a2200145Ia 45000030006000000080041000060400015000471000019000622450040000812500006001212600037001273000006001645460012001700050017001820STCL150530s9999 xx 000 0 und d aSTCLcSTCL aCarruthers, W. aModern methods of organic synthesis a4 bCambridge university pressc2004 a0 aEnglish20220125170308.0